Sonia in command (Record no. 152240)

MARC details
000 -LEADER
fixed length control field 00700nam a22002417a 4500
003 - CONTROL NUMBER IDENTIFIER
control field dpl
005 - DATE AND TIME OF LATEST TRANSACTION
control field 20180523164818.0
008 - FIXED-LENGTH DATA ELEMENTS--GENERAL INFORMATION
fixed length control field 180523b xxu||||| |||| 00| 0 eng d0
010 ## - LIBRARY OF CONGRESS CONTROL NUMBER
LC control number B-159970
020 ## - INTERNATIONAL STANDARD BOOK NUMBER
Terms of availability 695.00
International Standard Book Number 8173413665
035 ## - SYSTEM CONTROL NUMBER
System control number B-159970
037 ## - SOURCE OF ACQUISITION
Source of stock number/acquisition Cen Lib/Ret
040 ## - CATALOGING SOURCE
Original cataloging agency DPL
Language of cataloging EN
Transcribing agency 0
082 ## - DEWEY DECIMAL CLASSIFICATION NUMBER
Classification number 921
Item number GUP
100 ## - MAIN ENTRY--PERSONAL NAME
Personal name Gupta, Ramesh
245 ## - TITLE STATEMENT
Title Sonia in command
Statement of responsibility, etc by Ramesh Gupta
Remainder of title collected and revised version /
260 ## - PUBLICATION, DISTRIBUTION, ETC. (IMPRINT)
Place of publication, distribution, etc Delhi
Name of publisher, distributor, etc Indian Publishers
Date of publication, distribution, etc 2001
270 ## - ADDRESS
Address 156-D, Kamla Nagar
City Delhi
Postal code 110007
300 ## - PHYSICAL DESCRIPTION
Extent 366p.
Dimensions 21cm(Hb)
650 ## - SUBJECT ADDED ENTRY--TOPICAL TERM
Topical term or geographic name as entry element Amate, Baba -- Poetry
9 (RLIN) 35598
650 ## - SUBJECT ADDED ENTRY--TOPICAL TERM
Topical term or geographic name as entry element Amate, Baba
9 (RLIN) 35599
942 ## - ADDED ENTRY ELEMENTS (KOHA)
Source of classification or shelving scheme Dewey Decimal Classification
Koha item type English Books
Classification part 921
Call number suffix GUP
Holdings
Withdrawn status Lost status Source of classification or shelving scheme Damaged status Not for loan Collection code Home library Current library Date acquired Source of acquisition Cost, normal purchase price Total Checkouts Total Renewals Full call number Barcode Date last seen Date checked out Cost, replacement price Price effective from Koha item type
    Dewey Decimal Classification     Non-fiction Sarojini Nagar Sarojini Nagar 09/02/2019     1 2 921 GUP B-159976 19/06/2019 06/05/2019   09/02/2019 English Books
    Dewey Decimal Classification     Non-fiction Sarojini Nagar Sarojini Nagar 22/05/2019     1   921 GUP B-159962 31/08/2022 17/08/2022   22/05/2019 English Books
    Dewey Decimal Classification       Sarojini Nagar Sarojini Nagar 22/05/2019         921 GUP B-159974 22/05/2019     22/05/2019 English Books
    Dewey Decimal Classification     Non-fiction Sarojini Nagar Sarojini Nagar 22/05/2019         921 GUP B-159966 22/05/2019     22/05/2019 English Books
    Dewey Decimal Classification     Non-fiction Sarojini Nagar Sarojini Nagar 28/05/2019         921 GUP B-159978 28/05/2019     28/05/2019 English Books
    Dewey Decimal Classification     Non-fiction Shahdara Branch Shahdara Branch 23/05/2018 BPPD/PUB 695.00 1 1 921 GUP B-159970 03/01/2023 20/12/2022 695.00 23/05/2018 English Books

© Delhi Public Library
Hit Counter
free hit counter